000 01013nam a2200277 i 4500
001 173556
003 ES-MaACL
005 20230906215255.0
008 091207s1982 sp |||| |bspa d
020 _a84-249-0266-1
080 _a929 Alejandro Magno (381)
080 _a94(38)"-0359/-0323"
100 1 _aArriano, Flavio.
_923278
245 1 0 _aAnábasis de Alejandro Magno.
_nLibros I-III /
_cArriano ; introducción y notas de Antonio Bravo García ; traducción y notas de Antonio Guzmán Guerra.
246 3 _aAnábasis de Alejandro
260 _aMadrid :
_bGredos,
_c1982.
300 _a333 p. ;
_c20 cm.
490 1 _aBiblioteca clásica Gredos ;
_v49
600 0 7 _aAlejandro Magno-
_xBiografías.
_919704
651 7 _aGrecia-
_xHistoria-
_y359-323 a.C., Expansión macedónica.
_9162843
700 1 _aBravo García, Antonio.
_931485
700 1 _aGuzmán Guerra, Antonio.
_961315
830 0 _aBiblioteca clásica Gredos ;
_v49
_9177556
852 _aES-MaACL
_jC-57034
999 _c173556
_d173556